000 00333nam a2200133Ia 4500
008 151001s9999||||xx |||||||||||||| ||und||
100 _aअय्यर जोशी
245 _aएक पेड की याद
250 _a1
260 _bसंभावना
260 _c2003
300 _a110
365 _b21
999 _c980928
_d980925